000 00529cam a22001931 4500
001 274718
005 20171215052307.0
008 730522s1939 nyu 000 0 eng
010 _a 39027818
040 _aDLC
_cDLC
_dDLC
041 _aeng
080 _a192.0822 EDW
082 0 0 _a192.0822 EDW
100 1 _a24
101 _aMJE
245 1 4 _aThe English philosophers :
_cedited, with an introduction, by Edwin A. Burtt.
906 _a7
_bcbc
_corignew
_du
_eocip
_f19
_gy-gencatlg
942 _2ddc
_cBK
999 _c39000
_d39000